Most Spoken Languages in Europe - Statistics

General Stats
  • This quiz has been taken 284 times
    213 since last reset
  • The average score is 9 of 10
Answer Stats
Languages % Correct
English
99%
French
98%
German
98%
Russian
98%
Spanish
96%
Italian
94%
Polish
93%
Dutch
85%
Ukrainian
83%
Turkish
79%
No matching quizzes found
Score Distribution
Percent of People with Each Score
Percentile by Number Answered
Your Score History
You have not taken this quiz since the last reset